Statistics for 2015 AFC Asian Cup Quiz

Click here to take the quiz!

General Stats

  • This quiz has been taken 17 times
  • The average score is 12 of 16

Answer Stats

GroupTeam% Correct
Group ASouth Korea
100%
Group BNorth Korea
100%
Group AAustralia
93%
Group DJapan
93%
Group BChina
86%
Group CIran
86%
Group DIraq
86%
Group CUnited Arab Emirates
79%
Group AOman
71%
Group BSaudi Arabia
71%
Group CQatar
71%
Group DJordan
71%
Group AKuwait
64%
Group BUzbekistan
64%
Group CBahrain
57%
Group DPalestine
43%

Score Distribution

Percentile by Number Answered

Percent of People with Each Score

Your Score History

You have not taken this quiz